01027nam a22002417a 4500003000500000005001700005008004100022010001000063011001000073035001000083040000900093100003700102245024200139260004100381300003100422502011100453650004800564650004300612650003100655650003200686650003600718650003100754CHAP20220329142139.0000113d1999 mx b r 00110 spa d a79199 a80171 a90615 cCHAP00aRodríguez Sánchez, Fernando.10aFactores de cambio en el patrón de cultivos :bchile serrano (Capsicum annum) jitomate (Lycopersicum esculentum) y maíz (Zea mays) a naranja (Citrus sinensis) en Rioverde y Cd. Fernández, S.L.P.c/por Fernando Rodríguez Sánchez aChapingo, Méx. :bEl autor,c1999. a118 h. :bgráfs. ; mapas aTesis (Ing. Agr. Esp. en Economía Agrícola)-- UACH. División de Ciencias Económico Administrativas14aChile (Botánica)xCostos de producción.14aChile (Botánica)zSan Luis Potosí.14aMaízxSan Luis Potosí.14aNaranjazSan Luis Potosí.14aTomatexCostos de producción.14aTomatexSan Luis Potosí.